000 00403nam a22000977a 4500
008 160606b xxu||||| |||| 00| 0 eng d
100 _aEros, Laszlo
245 _aCatalogue of Romanian revenue stamps : Ministerial and Departmental Issues
260 _aCluj-Napoca, Romania
_bTransfilex S.R.L. (S.C. Ideogram S.R.L.)
_c1995
650 _aRomania (1858-) | Revenues | Cinderella Material | Catalogs and Price Lists
999 _c2054
_d2054